| 000 | 01026nam a2200289 a 4500 | ||
|---|---|---|---|
| 001 | 35999 | ||
| 003 | BD-RjUL | ||
| 005 | 20211209052421.0 | ||
| 008 | 140615s1961 1950 ctu b 001 0 eng | ||
| 035 | _a(BD-RjUL)36096 | ||
| 040 |
_aDLC _cCCL _dSER _dm.c _dOCL _dBD-RjUL _beng |
||
| 041 | _aeng | ||
| 082 |
_a320.1 _bLAP 1961 |
||
| 100 | 1 |
_aLasswell, Harold D. _q(Harold Dwight), _d1902-1978 _999727 |
|
| 245 | 1 | 0 |
_aPower and society : _ba framework for political inquiry / _cHarold D. Lasswell and Abraham Kaplan |
| 260 |
_aNew Haven : _bYale University Press ; _aLondon : _bGeoffrey Cumberlege, Oxford University Press, _c1950 [Reprinted 1961] |
||
| 300 |
_axxiv, 295 p. ; _c24 cm |
||
| 490 | 1 |
_aYale Law School studies ; _v2 |
|
| 504 | _aBibliography: p. [285]-286 | ||
| 650 | 0 |
_aPolitical science _9109591 |
|
| 650 | 0 |
_aPower (Social sciences) _9109592 |
|
| 830 | 0 |
_v2 _9109595 |
|
| 700 | 1 |
_aKaplan, Abraham, _d1918-1993 _992266 |
|
| 830 | 0 |
_aYale Law School studies ; _9109596 |
|
| 942 |
_2ddc _cBK |
||
| 999 |
_c35999 _d35999 |
||